imoco volley players - Statistics

General Stats
  • This quiz has been taken 11 times
  • The average score is 14 of 28
Answer Stats
Picture Answer % Correct
monica de gennaro
90%
paola egonu
90%
isabelle haak
80%
sarah fahr
80%
asia wolosz
70%
gabi guimaraes
70%
sylla
70%
zhu ting
70%
kathryn plummer
60%
kelsey robinson
60%
marina lubian
60%
alexa gray
50%
chirichella
50%
kim hill
50%
samantha bricio
50%
chiaka ogbogu
40%
fabris
40%
federica squarcini
40%
mckenzie adams
40%
raphaela folie
40%
robin de kruijf
40%
lucille gicquel
30%
megan courtney
20%
sorokaite
20%
anna bardaro
10%
bechis
10%
lara caravello
10%
roberta carraro
10%
No matching quizzes found
Score Distribution
Percent of People with Each Score
Percentile by Number Answered
Your Score History
You have not taken this quiz